Marco para la buena enseñanza

El Marco para la Buena Enseñanza es un instrumento guía, tanto para el docente como para los equipos de la escuela que realizan procesos de acompañamiento y mentoría a profesores. Cumple el propósito de ser un estándar para la enseñanza, pues identifica el conjunto de prácticas pedagógicas necesaria...

Descripción completa

Detalles Bibliográficos
Autor Corporativo: Chile. Ministerio de Educación
Formato: Libro
Lenguaje:español
Publicado: Santiago, Chile : Ministerio de Educación, 2020.
Materias:
Acceso en línea:Acceso electrónico al documento

MARC

LEADER 00000nam a22000007a 4500
008 200409s2020 cl |||| o|||| 00| 0 spa d
952 |0 0  |1 0  |2 ddc  |4 0  |6 RECURSO_ELECTRONICO  |7 0  |8 BAS  |9 93788  |a BC  |b BC  |c General  |d 2020-04-23  |l 0  |o RECURSO ELECTRONICO  |r 2020-04-23 00:00:00  |w 2020-04-23  |y BK  |A 198  |A 167  |A 130  |B LENG 
999 |c 53404  |d 53404 
040 |a UAHC  |c UAHC 
110 |a Chile.  |b Ministerio de Educación  |9 1825 
245 |a Marco para la buena enseñanza  |c Ministerio de Educación. 
260 |a Santiago, Chile :   |b Ministerio de Educación,  |c 2020. 
300 |a 45 p. 
500 |a Sitio visitado https://www.cpeip.cl/marco-buena-ensenanza/ el 23 de abril de 2020. 
520 |a El Marco para la Buena Enseñanza es un instrumento guía, tanto para el docente como para los equipos de la escuela que realizan procesos de acompañamiento y mentoría a profesores. Cumple el propósito de ser un estándar para la enseñanza, pues identifica el conjunto de prácticas pedagógicas necesarias para generar aprendizaje en los estudiantes. Explicita lo que todo docente debe saber, saber hacer y el modo de ser, abordando tanto las responsabilidades que el maestro asume en el aula, como aquellas que debe cumplir en su comunidad escolar. 
650 0 |9 718  |a Profesores   |x Formación profesional 
650 0 |9 334  |a Profesores  |x Evaluación del desempeño 
856 |u https://www.cned.cl/marco-curricular-y-bases-curriculares  |y Acceso electrónico al documento 
900 |a Recurso electrónico 
942 |c BK  |2 ddc